KOHA-Header-6

Wireless Network Evolution 2G To 3G (Record no. 11031)

000 -LEADER
fixed length control field 00276nam a2200109Ia 4500
100 ## - MAIN ENTRY--AUTHOR NAME
Personal name VIjay K. Garg
245 #0 - TITLE STATEMENT
Title Wireless Network Evolution 2G To 3G
260 ## - PUBLICATION, DISTRIBUTION, ETC. (IMPRINT)
Place of publication New Delhi
Name of publisher Bantam Books
Year of publication 2002
300 ## - PHYSICAL DESCRIPTION
Number of Pages 65
942 ## - ADDED ENTRY ELEMENTS (KOHA)
Koha item type Books

No items available.

Powered by Koha